000 00872aam a2200301 i 4500
001 768714001
003 CO-MdFUSB
005 20250514121747.0
007 ta
008 250514t1979 pr |||| |||| 00| 0 eng d
040 _cCO-MdFUSB
041 0 _aspa
_heng
082 0 4 _223
_a248
_bT2381v
100 1 _aTaylor, Richard Shelley (1912-)
_eautor
240 _aThe disciplined life
245 1 0 _aLa vida disciplinada :
_bestudio sobre el magnífico arte de la disciplina cristiana
_c/ Richard Shelley Taylor
264 1 _bBetania,
_aPuerto Rico :
_c[1979]
264 4 _c©1979
300 _a131 páginas
336 _atexto
_btxt
_2rdacontent
337 _2rdamedia
_asin mediación
_bn
338 _2rdacarrier
_avolumen
_bnc
563 _aRústico
650 1 0 _aVida cristiana
_919
653 _aDisciplina cristiana
942 _cBK
945 _aJTF-925
999 _c35841
_d35841